书目信息 |
| 题名: |
古村落:和谐的人聚空间
|
|
| 作者: | 刘沛林 著 | |
| 分册: | ||
| 出版信息: | 上海 生活·读书·新知三联书店上海分店 1997.12 |
|
| 页数: | 210页 | |
| 开本: | 32开 | |
| 丛书名: | ||
| 单 册: | ||
| 中图分类: | TU984.2 | |
| 科图分类: | ||
| 主题词: | 城市规划 | |
| 电子资源: | ||
| ISBN: | 7-5426-1014-7 | |
| 000 | 00574nam0 2200193 45 | |
| 001 | 0103151082 | |
| 005 | 20010315100327.9 | |
| 010 | @a7-5426-1014-7@d10.80元 | |
| 100 | @a20010315d1997 km y0chiy0120 ea | |
| 101 | 0 | @achi |
| 105 | @a z 000yy | |
| 200 | 1 | @a古村落:和谐的人聚空间@AGu Cun Luo:He Xie De Ren Ju Kong Jian@f刘沛林著@FLiu Pei Lin Zhu |
| 210 | @a上海@c生活·读书·新知三联书店上海分店@d1997.12 | |
| 215 | @a210页@d32开 | |
| 606 | 0 | @a城市规划 |
| 690 | @aTU984.2@v3 | |
| 701 | 0 | @a刘沛林@4著 |
| 801 | @aCN@bPftUser@c20010315 | |
| 905 | @b328940@dTU984.2@eL457@f1 | |
| 古村落:和谐的人聚空间/刘沛林著.-上海:生活·读书·新知三联书店上海分店,1997.12 |
| 210页;32开 |
| ISBN 7-5426-1014-7:10.80元 |
| ● |
| 相关链接 |
|
|
|
正题名:古村落:和谐的人聚空间
索取号:TU984.2/L457
 
预约/预借
| 序号 | 登录号 | 条形码 | 馆藏地/架位号 | 状态 | 备注 |
| 1 | 328940 | 203289404 | 建筑库201/201建筑库 64排5列1层/ [索取号:TU984.2/L457] | 在馆 |